Financial planning for greater profits ; objectives, techniques, and company practices.

Bibliographic Details
Corporate Author: American Management Association. Finance Division
Format: Book
Language:English
Published: New York, [publisher not identified] ; [1960]
Series:AMA management report ; no. 44.
Subjects:

MARC

Tag First Indicator Second Indicator Subfields
LEADER 00000cam a2200000 4500
001 in00000461413
005 20151012091123.0
008 770715s1960 nyua 00000 eng d
010 |a  60003064  
035 |a (OCoLC)03117655 
035 |9 ABY5348AM 
040 |a DLC  |c GJG  |d TXA  |d UtOrBLW 
049 |a TXAM  |c [320867] 
050 0 0 |a HG4011  |b .A68 
082 0 |a 658.15 
110 2 |a American Management Association.  |b Finance Division. 
245 1 0 |a Financial planning for greater profits ;  |b objectives, techniques, and company practices. 
264 1 |a New York,  |b [publisher not identified] ;  |c [1960] 
300 |a 152 pages :  |b illustrations ;  |c 23 cm. 
336 |a text  |b txt  |2 rdacontent 
337 |a unmediated  |b n  |2 rdamedia 
338 |a volume  |b nc  |2 rdacarrier 
490 1 |a AMA management report ;  |v no. 44 
650 0 |a Corporations  |x Finance. 
830 0 |a AMA management report ;  |v no. 44. 
999 |a MARS 
999 f f |s 9fb7e7a2-05ab-3e6d-8234-d6d9b038deb2  |i 01fd518f-0e8b-34b1-b049-131256da3aa8  |t 0 
952 f f |p ric  |a Texas A&M University  |b Rellis Campus  |c Joint Library Facility  |d Remote Storage  |t 0  |e HG4011 .A68  |h Library of Congress classification  |i unmediated -- volume  |m A14802877298 
998 f f |a HG4011 .A68  |t 0  |l Remote Storage